000 01355nam a22003617a 4500
003 CHAP
005 20220329133900.0
008 971013s1987 r 00010 d
010 _a12209
011 _a13181
035 _a17252
040 _cCHAP
090 _aTesis
100 0 0 _aCarrillo Fonseca, Calixto Leopoldo.
_919482
245 _aIdentificación y estudio de algunas características fisiológicas del hongo, causante de la pudrición blanca de la raíz del manzano en Zacatlan, Puebla
260 _aChapingo, Méx. :
_bEl autor,
_c1987
300 _a71 h.
_b: ilus.
502 _aTesis (Maestro en Ciencias Esp. en Fitopatología) -- CP. Centro de Fitopatología
590 _aALEPH
_b10
_c20130110
_lUCH01
_h1231
590 _aBATCH-UPD
_b10
_c20130110
_lUCH01
_h0945
590 _aBATCH-UPD
_b10
_c20130410
_lUCH01
_h0600
590 _aBATCH-UPD
_b10
_c20130914
_lUCH01
_h1745
590 _aCONVERSION
_b10
_c20130109
_lUCH01
_h1308
650 1 4 _aManzana
_xEnfermedades por hongos.
_970765
650 1 4 _aManzana
_xPuebla.
_970800
650 1 4 _aPudrición de la raíz
_xManzana.
_992852
650 1 4 _aRosellinia necatrix.
_9100096
901 _aBK
942 _cFOLL
949 _bBC
_cTES
_d-40857
_eTS1
_h19189
_i17252
_si
949 _bBC
_cTES
_d-40859
_eTS2
_fc.3
_h23431
_i17252
_si
949 _bBC
_cTES
_d33724000987129
_eTS2
_fc.2
_h19190
_i17252
_si
999 _c12209
_d12209